Tilastot visalle Eurooppalaiset kaupungit eri kielillä #2

Klikkaa tästä pelataksesi tätä visaa!

Yleistilastot

  • Tätä visaa on pelattu 32 kertaa
  • Keskiarvotulos 24 / 50

Vastaustilastot

Vastaus% Oikein
MilanoenglantiMilan
96%
MilanoranskaMilan
96%
KölnsaksaKöln
89%
AteenasaksaAthen
86%
MilanoitaliaMilano
86%
NapoliitaliaNapoli
82%
NizzasaksaNizza
82%
NizzaitaliaNizza
82%
LissabonenglantiLisbon
79%
LissabonsaksaLissabon
75%
PrahasaksaPrag
71%
AteenaenglantiAthens
68%
NizzaenglantiNice
68%
NizzaranskaNice
68%
PraharanskaPrague
68%
PrahaenglantiPrague
68%
KiovaenglantiKiev
64%
KiovaitaliaKiev
64%
KiovaranskaKiev
64%
PietarienglantiSaint Petersburg
64%
KrakovaenglantiKrakow
61%
KrakovapuolaKraków
61%
NapoliranskaNaples
61%
NapolienglantiNaples
61%
PietarisaksaSankt Petersburg
61%
KölnranskaCologne
39%
KölnenglantiCologne
39%
KrakovasaksaKrakau
32%
PietaripuolaPetersburg
32%
PrahaitaliaPraga
32%
PrahapuolaPraga
32%
AteenaitaliaAtene
25%
KrakovaranskaCracovie
25%
NapolipuolaNeapol
25%
AteenaranskaAthènes
21%
KrakovaitaliaCracovia
21%
KiovasaksaKiew
21%
LissabonranskaLisbonne
21%
NapolisaksaNeapel
21%
KölnitaliaColonia
18%
MilanosaksaMailand
18%
PietariranskaSaint-Pétersbourg
18%
AteenapuolaAteny
14%
KiovapuolaKijów
14%
KölnpuolaKolonia
11%
LissabonitaliaLisbona
11%
LissabonpuolaLizbona
11%
MilanopuolaMediolan
11%
NizzapuolaNicea
7%
PietariitaliaSan Pietroburgo
4%

Tulosjakauma

Persentiili vastausten määrän mukaan

Jokaisen tuloksen saaneiden osuus

Tuloshistoriasi

Et ole pelannut tätä visaa